000 01254nam a2200241Ia 4500
003 Ost
005 20260507075451.0
008 260507s9999||||xx |||||||||||||| ||und||
020 _a7048379977
040 _cfsecg
041 _aara
082 _a382
100 _aسيف، طارق جمعة
_eمؤلف
245 0 _aتأمينات التجارة الخارجية :
_bتأمين إئتمان الصادرات- ضمان سداد الضرائب الجمركية- تأمينات رفض السلطات /
_c طارق جمعة سيف
260 _aالاسكندرية:
_bدار الفكر الجامعي,
_c2008
300 _a211 صفحة؛
_c24 سم
520 _aيتضمن هذا الكتاب : مقدمة أساسية ، تأمين ائتمان الصادرات نطاقه طبيعته خصائصه ، تحليل شروط ووثائق ائتمان الصادرات اكتتاب تأمين الصادرات ، سندات ضمان الضرائب الجمركية لبضائع النظم الجمركية الخاصة ، تأمينات رفض السلطات
653 _aالتامين الصادرات
653 _aالتامينات
653 _aالتجارة خارجية
653 _aالضرائب الجمركية
942 _cكتاب
999 _c44632
_d44632